00757nam a2200205 a 450000100100000000500170001000800410002702000150006804000250008310000420010824500780015026000400022830000210026849000310028950400350032070000370035583000370039295201050042999900170053400004411220201002045144.0140516s1994 sp 001 0 spa d a8420606960 aDO-SdBNPbspacBNPHU1 aMora, Franciscoq(Mora Teruel)97211010aDiccionario de Neurociencias /cFrancisco Mora y Ana María Sanguinetti. aMadrid :bAlianza Editorial,c1994. a399 p. ;c19 cm.1 aEl Libro de bolsillov1696 aBibliografía : p. p. 397-39812aSanguinetti, Ana María.972111 0aEl Libro de bolsillov169694072 001050718MOaGRbGRcCTd2014-05-16iLF1l0o p44112-10r2020-06-25w2020-06-25y1ZNo se presta c43601d43601